00512nam a22001571a 4500003000600000005001700006008004100023100002800064245007900092260005300171300001400224500002700238630002300265650003400288700003200322NEGST20110718123623.0030618s1971 001 0 eng d1 aTaber, Charles Russell.10aLa traduction :btheorie et methode /cCharles R. Taber et Eugene A. Nida. aLondon :bAlliance Biblique Universelle,cc1971. avi, 179p. aIncludes bibliography.00aBible translating. 0aTranslating and interpreting.1 aNida, Eugene Albert,d1914-